000
00221 a2200097 4500
001
9343
100
_a
Churchil, W S
245
_a
A history of the english speaking peoples.
260
_a
_b
Cassel
_c
090
_c
7510
_d
7510
942
_a
NUST-CAE
_c
M
_c
34168
999
_c
244416
_d
244416